000 00789nam a2200289Ia 4500
005 20260324121720.0
008 008 260324s9999 xx 000 0 eng d
020 _a9780203362747
037 _aEBOOK
040 _aCRL
040 _beng
040 _cCRL
041 _2eng
041 _aeng
084 _qCRL
100 _aEleanor Fisher; Jesper Bosse Jønsson; Rosemarie Mwaipopo; Deborah Fahy Bryceson
_91163592
245 0 _aMining and Social Transformation in Africa
245 0 _bMineralizing and Democratizing Trends in Artisanal Production
260 _bTaylor and Francis
260 _c2013
365 _a
365 _b240
856 _uhttp://www.taylorfrancis.com/books/9780203362747
942 _cEBOOK
999 _c1755870
_d1755870